000 00658nam a2200277Ia 4500
005 20260324124945.0
008 008 260324s9999 xx 000 0 eng d
020 _a9780203885109
037 _aEBOOK
040 _aCRL
040 _beng
040 _cCRL
041 _2eng
041 _aeng
084 _qCRL
100 _aJayne Werner
_91176151
245 0 _aGender, Household and State in Post-Revolutionary Vietnam
260 _bTaylor and Francis
260 _c2009
365 _a
365 _b240
856 _uhttp://www.taylorfrancis.com/books/9780203885109
942 _cEBOOK
999 _c1770982
_d1770982